000 01074cam a2200253 a 4500
003 OSt
005 20210104110442.0
008 100201q2006 ck r 000 0 spa d
020 _a95892850012
040 _aCO-BoPUJ
_cCO-JMCR
041 0 _aspa
082 0 4 _a361.763 /
_bM516e
_223
100 1 _aMejía Vergnaud, Andrés,
_eautor
_91767
245 1 3 _aLa empresa privada :
_bmotor de bienestar social /
_cAndrés Mejía Vergnaud
260 _aBogotá :
_bFundación Konrad Adenauer :
_bCorporación Pensamiento Siglo XXI,
_c[2006?].
300 _a62 páginas ;
_c22 cm.
490 _aDebate político ;
_v12
504 _aIncluye referencias bibliográficas : páginas 57-58.
505 0 _aLa empresa, el empresario y su función -- La empresa privada y la mano invisible -- De cara a sus críticos -- Reflexiones adicionales
650 1 4 _aEmpresas privadas
_xAspectos sociales
_912596
650 2 4 _aLibre empresa
_xAspectos sociales
_912597
942 _2ddc
_cBK
999 _c7041
_d7041